All Jak And Daxter Games - Statistics

General Stats
  • This quiz has been taken 8 times
  • The average score is 6 of 9
Answer Stats
Hint Answer % Correct
2003 PS2 Jak 2
100%
2004 PS2 Jak 3
100%
2006 PSP Daxter
83%
PSP 2009PS2 2009 Jak And Daxter The Lost Frontier
67%
2001 PS2 Jak And Daxter The Precursor Legacy
67%
2005 PS2 Jak X Combat Racing
67%
2012 PS3 Jak And Daxter Collection
33%
PS3 2012Psvita 2013 Jak And Daxter Bundle
17%
2012 PS3/PSVita Playstation All Stars Battle Royale
17%
No matching quizzes found
Score Distribution
Percent of People with Each Score
Percentile by Number Answered
Your Score History
You have not taken this quiz